Náuka o materiáli 2

Bibliographic Details
Main Author: Micheľ, Ján, 1938- (Author)
Format: Book
Language:Slovak
PhysicalDescription:143 s. sch., tab. 29 cm
Published: Bratislava Alfa 1981
Edition:1. vyd.
Series:Dočasná vysokoškolská učebnica
Subjects:

MARC

LEADER 00000cam a2200000 a 4500
001 vtls001097497
003 SK-MaSNL
005 20260301111333.0
008 250313s1981 xo a n 00000 slo
015 |a SNBA1982/03 
035 |a SNK000040339 
035 |a urn:nbn:sk:snk-amkebp 
035 |a urn:nbn:sk:snk-am008bh3 
035 |a 3EBCC868-BBD2-4D0A-BFFF-2CC8D5D5D6BE 
040 |a SNK  |b slo  |c SNK  |e AACR2 
041 0 |a slo 
044 |a xo  |c SK 
080 |a 669.018:620.17/.19(075.8)  |2 1981 
080 |a 620.17/.19(075.8)  |2 1981 
080 |a 620.17/.19  |2 1981 
080 |a 669.018(075.8)  |2 1981 
100 1 |a Micheľ, Ján,  |d 1938-  |4 aut  |9 114520 
245 1 0 |a Náuka o materiáli 2  |c Ján Micheľ 
250 |a 1. vyd. 
260 |a Bratislava  |b Alfa  |c 1981 
300 |a 143 s.  |b sch., tab.  |c 29 cm 
366 |e 1200 výt. 
490 1 |a Dočasná vysokoškolská učebnica 
500 |a Vyd. pre VŠT v Košiciach 
504 |a Bibliogr. 
650 0 7 |a kovy  |2 SNKPH  |9 16608 
650 0 7 |a zliatiny  |2 SNKPH  |9 78943 
655 7 |a učebnice vysokých škôl  |2 SNKPH  |9 70191 
830 0 |a Dočasná vysokoškolská učebnica  |9 279156 
852 |a Slovenská národná knižnica 
958 |a OND 
958 |a NB 
958 |a TL 
958 |a UV 
999 |c 706554  |d 708484 
952 |a SNK  |b SNK  |y PREZ  |7 0  |p 17A0970816  |o snkSB 27227/2  |i snkKSP 1138/82  |0 0  |1 0  |4 0  |d 2014-07-15  |f 1  |l 0  |r 2026-02-23 21:19:22  |w 2026-02-23 
952 |a SNK  |b SNK  |y VYP  |7 0  |o snkSB 27227/2 D1  |i snkKSP 1139/82  |0 0  |1 0  |4 0  |d 2014-07-15  |l 0  |r 2026-02-23 21:19:22  |w 2026-02-23